000 00831nam0a2200265 4500
001 RU\NLR\ONL1\2287
005 20250613113737.0
035 _a(NLR Aleph) 009631040
090 _a9493671
_c9493671
100 _a20031222d1933 |||y0rusy50 ca
101 0 _achm
102 _aRU
105 _ay |||||||||
200 1 _aВожатый памäткэ
_fБригадэ
_gЭскакын дэн Йалкайын кусарэныт
210 _a[М.]
_cМол. гвардия
_d1933
215 _a135 с.
_d15
541 1 _aПамятка вожатого
_zrus
606 0 _aВожатый пионеротряда
_91844002
_3RU\NLR\auth\66835032
686 1 _aЧ422(2)114я2
801 0 _aRU
_bNLR
_c20031222
_gPSBO
852 _aNLR
_bОНЛ
_jМар.л./1-62
942 _cBOOK
980 _aNB